[Event "Campionatul Naíonal pe echipe-Divizia "]
[Site "Mamaia-jud.Constanta"]
[Date "2015.10.06"]
[Round "4.5"]
[White "Zogorean, Petru"]
[Black "Zaim, Marian"]
[Result "0-1"]
[WhiteElo "1916"]
[BlackElo "2117"]
[PlyCount "112"]
[EventDate "2015.10.03"]
[EventType "team"]
[EventRounds "9"]
[BlackTeam "CS MUNCITORUL RE?I?A"]

1. d4 Nf6 2. c4 g6 3. Nc3 Bg7 4. e4 d6 5. Nf3 O-O 6. h3 e5 7. d5 a5 8. Be3 Na6
9. Qc2 Ne8 10. Nd2 f5 11. f3 Bh6 12. Bf2 Nc5 13. Bxc5 dxc5 14. O-O-O Nd6 15.
Kb1 Be3 16. Bd3 f4 17. Nf1 Bd4 18. Ne2 Qe7 19. Nxd4 exd4 20. Qe2 Nf7 21. Nd2
Ne5 22. Nb3 Bd7 23. Nd2 Rfb8 24. Rc1 Ra6 25. Ka1 g5 26. Rb1 h5 27. Qf1 Kg7 28.
Qe2 Rh8 29. Qf1 Rah6 30. Be2 a4 31. Rc1 a3 32. b3 Qf6 33. Bd3 g4 34. Kb1 gxh3
35. gxh3 Rg6 36. Kc2 Rg8 37. Qf2 Kh6 38. Rh2 Rg3 39. h4 Qg7 40. Re1 Qf6 41.
Reh1 R8g6 42. Qe2 Qg7 43. Rf1 Rg2 44. Rf2 Rxh2 45. Rxh2 Rg3 46. Qf2 Bh3 47. Be2
Bd7 48. Bd3 b6 49. Qe2 Qg8 50. Qf2 Kh7 51. Be2 Rg6 52. Bf1 Rg3 53. Bd3 Rg1 54.
Nf1 Rg7 55. Nd2 Kh6 56. Qe2 Qd8 0-1

[Event "Campionatul Naíonal pe echipe-Divizia "]
[Site "Mamaia-jud.Constanta"]
[Date "2015.10.10"]
[Round "8.5"]
[White "Zaim, Marian"]
[Black "Vrencian , Lehel"]
[Result "1-0"]
[WhiteElo "2117"]
[BlackElo "2186"]
[PlyCount "141"]
[EventDate "2015.10.03"]
[EventType "team"]
[EventRounds "9"]
[WhiteTeam "CS MUNCITORUL RE?I?A"]
[BlackTeam "ACS ?AH CLUB VADOS ARAD"]

1. c4 Nf6 2. Nf3 c6 3. b3 d5 4. Bb2 Bg4 5. e3 e6 6. Be2 Bd6 7. O-O O-O 8. d4
Nbd7 9. Nbd2 Qe7 10. Ne5 Bxe2 11. Qxe2 Ba3 12. Bxa3 Qxa3 13. Ndf3 Qe7 14. Nxd7
Nxd7 15. e4 dxe4 16. Qxe4 Nf6 17. Qe2 Rfd8 18. Rfd1 a5 19. Qb2 Qd6 20. h3 Qf4
21. Ne5 Rd6 22. Rd3 Rad8 23. Rad1 Qf5 24. c5 Rd5 25. Qe2 Qh5 26. Qxh5 Nxh5 27.
g3 Nf6 28. Nc4 Nd7 29. R3d2 Kf8 30. Kf1 f6 31. Ne3 Rh5 32. Kg2 Ra8 33. g4 Rh6
34. f4 g5 35. f5 Re8 36. Rf1 exf5 37. Nxf5 Rg6 38. Nd6 Rb8 39. Nc4 Ra8 40. Re2
Rg7 41. Rfe1 Kg8 42. Re8+ Rxe8 43. Rxe8+ Nf8 44. Nxa5 Rd7 45. Re4 Ng6 46. Nc4
Nf4+ 47. Kh2 h5 48. Nd6 hxg4 49. Re8+ Kh7 50. hxg4 Kg6 51. Rg8+ Kh7 52. Rb8 Ne6
53. Rxb7 Rxb7 54. Nxb7 Nxd4 55. a4 Nxb3 56. a5 Nd4 57. Nd8 Nb5 58. Nxc6 Nc7 59.
Nb4 Kg6 60. a6 f5 61. a7 fxg4 62. Nd5 Na8 63. Nb6 Nc7 64. a8=Q Nxa8 65. Nxa8
Kf5 66. Nb6 Ke6 67. Kg3 Ke7 68. Kxg4 Kd8 69. Kxg5 Kc7 70. Kf6 Kc6 71. Na4 1-0

[Event "Campionatele Nationale echipe - Div A -"]
[Site "Calimanesti-Caciulata"]
[Date "2014.11.08"]
[Round "1.3"]
[White "Manescu, Tiberiu_CM"]
[Black "Zaim, Marian"]
[Result "1/2-1/2"]
[WhiteElo "2393"]
[BlackElo "2117"]
[PlyCount "67"]
[EventDate "2014.11.08"]
[EventType "team"]
[EventRounds "9"]
[WhiteTeam "CS MUNCITORUL RESITA"]
[BlackTeam "CSM CLUJ-NAPOCA"]

1. e4 c5 2. Nc3 d6 3. Nge2 Nc6 4. d4 cxd4 5. Nxd4 Nf6 6. Bg5 e6 7. g3 Be7 8.
Bg2 Nxd4 9. Qxd4 h6 10. Be3 O-O 11. h3 Bd7 12. a4 Bc6 13. O-O Nd7 14. Qd2 a6
15. a5 Qc7 16. f4 b5 17. g4 Qb7 18. Nd5 Bxd5 19. exd5 e5 20. fxe5 Nxe5 21. Bd4
Bg5 22. Qf2 Rae8 23. Rae1 Qe7 24. Bxe5 dxe5 25. Qb6 Rd8 26. Qxa6 Qc5+ 27. Kh1
Rd6 28. Qb7 Bf4 29. Re4 Rfd8 30. Rexf4 exf4 31. Rxf4 R8d7 32. Qa8+ Rd8 33. Qb7
R8d7 34. Qb8+ 1/2-1/2

[Event "Campionatele Nationale echipe - Div A -"]
[Site "Calimanesti-Caciulata"]
[Date "2014.11.09"]
[Round "2.3"]
[White "Zaim, Marian"]
[Black "Vasile, Claudiu Daniel"]
[Result "0-1"]
[WhiteElo "2117"]
[BlackElo "2230"]
[PlyCount "132"]
[EventDate "2014.11.08"]
[EventType "team"]
[EventRounds "9"]
[WhiteTeam "CSM CLUJ-NAPOCA"]
[BlackTeam "CS OTOPENI"]

1. c4 e6 2. g3 d5 3. Bg2 Nf6 4. Nf3 Be7 5. O-O O-O 6. d4 dxc4 7. Ne5 Nc6 8.
Nxc6 bxc6 9. Bxc6 Rb8 10. Bf3 c5 11. dxc5 Qxd1 12. Rxd1 Bxc5 13. Nc3 e5 14. e3
Be6 15. Kf1 Rfe8 16. Ke2 Bf5 17. e4 Be6 18. Rb1 Rb7 19. Be3 Be7 20. Rd2 Reb8
21. Rc1 Rxb2 22. Bxa7 Rxd2+ 23. Kxd2 Ra8 24. Be3 Ng4 25. Bxg4 Bxg4 26. Nd5
Rxa2+ 27. Kc3 Bf8 28. Kxc4 Bf3 29. Nc3 Ra8 30. Rb1 f6 31. Rb2 Rc8+ 32. Kd3 Rd8+
33. Kc4 Bg2 34. Rb1 g6 35. Ba7 f5 36. exf5 gxf5 37. Rb8 Bf1+ 38. Kb3 Rxb8+ 39.
Bxb8 Bg7 40. Kc2 Kf7 41. Kd2 Bc4 42. Ba7 Kg6 43. f3 Kf6 44. Be3 Ke6 45. Bg5 Bf8
46. Be3 Ba6 47. Ke1 Bb4 48. Bd2 Bc5 49. h3 Bb7 50. Ke2 e4 51. fxe4 fxe4 52. Be3
Bb4 53. Nb1 Kd5 54. Nd2 Bc8 55. g4 Be7 56. Nf1 Bh4 57. Bf2 Ba6+ 58. Ke1 Bd8 59.
Ne3+ Ke5 60. Bg3+ Kd4 61. Ng2 e3 62. Nf4 Ba5+ 63. Kd1 Ke4 64. g5 Kf3 65. Bh2
Bc7 66. g6 hxg6 0-1

[Event "Campionatele Nationale echipe - Div A -"]
[Site "Calimanesti-Caciulata"]
[Date "2014.11.10"]
[Round "3.4"]
[White "Zaim, Marian"]
[Black "Vladescu, Florin-George"]
[Result "0-1"]
[WhiteElo "2117"]
[BlackElo "2208"]
[PlyCount "102"]
[EventDate "2014.11.08"]
[EventType "team"]
[EventRounds "9"]
[WhiteTeam "CSM CLUJ-NAPOCA"]
[BlackTeam "CS PETROM FLACARA MORENI"]

1. c4 e5 2. Nc3 Nc6 3. g3 Nf6 4. Bg2 Bb4 5. e4 O-O 6. Nge2 d6 7. O-O Bc5 8. h3
Nd4 9. Nxd4 Bxd4 10. Ne2 c5 11. Nxd4 cxd4 12. d3 Nd7 13. f4 b5 14. b3 bxc4 15.
bxc4 Nc5 16. Qd2 Rb8 17. Ba3 Qc7 18. Rfb1 Bd7 19. Bf1 f6 20. f5 Rxb1 21. Rxb1
Rb8 22. Rxb8+ Qxb8 23. Qb4 Qxb4 24. Bxb4 Ba4 25. Kf2 Bc2 26. Bxc5 dxc5 27. Ke2
g6 28. fxg6 hxg6 29. h4 f5 30. Bg2 Kg7 31. Kd2 Ba4 32. exf5 gxf5 33. Bf3 Kf6
34. Ke2 Bd7 35. a3 Be8 36. g4 fxg4 37. Bxg4 Bc6 38. Bf3 Bxf3+ 39. Kxf3 Kf5 40.
a4 a5 41. h5 e4+ 42. dxe4+ Kg5 43. Kg3 Kxh5 44. Kf3 Kg5 45. Kg3 d3 46. Kf3 d2
47. Ke2 Kf4 48. e5 Kxe5 49. Kxd2 Kd4 50. Kd1 Kxc4 51. Kc2 Kb4 0-1

[Event "Campionatele Nationale echipe - Div A -"]
[Site "Calimanesti-Caciulata"]
[Date "2014.11.11"]
[Round "4.5"]
[White "Zaim, Marian"]
[Black "Neagu, Liviu"]
[Result "1-0"]
[WhiteElo "2117"]
[BlackElo "2094"]
[PlyCount "129"]
[EventDate "2014.11.08"]
[EventType "team"]
[EventRounds "9"]
[WhiteTeam "CSM CLUJ-NAPOCA"]
[BlackTeam "CS UNIVERSITATEA TARGOVISTE"]

1. c4 Nf6 2. g3 e5 3. Bg2 Bc5 4. Nc3 Nc6 5. d3 O-O 6. Nf3 h6 7. O-O d6 8. h3
Bb6 9. a3 a5 10. Bd2 Be6 11. Rb1 Qd7 12. Kh2 e4 13. dxe4 Bxc4 14. b3 Be6 15.
Qc2 Bc5 16. Bc1 Rab8 17. Rd1 Rfe8 18. e5 Nh5 19. g4 Bxf2 20. gxh5 Ba7 21. e4
Rbd8 22. Bf4 Qe7 23. exd6 cxd6 24. Bg3 f6 25. Qd2 Qf7 26. Nd5 f5 27. exf5 Bxf5
28. Rb2 Qxh5 29. Nf4 Qf7 30. Qd5 g5 31. Qxf7+ Kxf7 32. Nd5 Rd7 33. Bf2 Bb8 34.
Nd4 Be4 35. Nb5 Bxg2 36. Kxg2 Kg6 37. Rbd2 Re6 38. Nb6 Rd8 39. Nc4 d5 40. Rxd5
Rxd5 41. Rxd5 Re2 42. Rd7 a4 43. b4 Bf4 44. Rd3 Rc2 45. Ne3 Ra2 46. Nd5 Be5 47.
Nb6 Bf4 48. Nxa4 Ne5 49. Rd6+ Kg7 50. Nac3 Rc2 51. Kf1 Nc4 52. Rd7+ Kg6 53. Ne4
b6 54. Rd1 h5 55. a4 Nb2 56. Ra1 Rc4 57. Nec3 Be5 58. Nd5 Nd3 59. Rb1 Rc2 60.
Bxb6 Nb2 61. a5 Nc4 62. Be3 Kf5 63. a6 Ke4 64. a7 Ra2 65. Ndc3+ 1-0

[Event "Campionatele Nationale echipe - Div A -"]
[Site "Calimanesti-Caciulata"]
[Date "2014.11.12"]
[Round "5.5"]
[White "Florescu, Codrut-Constantin"]
[Black "Zaim, Marian"]
[Result "1-0"]
[WhiteElo "2089"]
[BlackElo "2117"]
[PlyCount "155"]
[EventDate "2014.11.08"]
[EventType "team"]
[EventRounds "9"]
[WhiteTeam "CS APOLLO SATU-MARE"]
[BlackTeam "CSM CLUJ-NAPOCA"]

1. e4 c5 2. Nf3 d6 3. d4 cxd4 4. Nxd4 Nf6 5. Nc3 Nc6 6. Bc4 e6 7. Be3 a6 8. Qe2
Qc7 9. O-O-O Bd7 10. g4 Nxd4 11. Rxd4 e5 12. Rd2 Bxg4 13. f3 Be6 14. Bb3 Be7
15. Rg1 g6 16. Qf2 Nh5 17. Kb1 O-O 18. Ne2 Qc6 19. Ng3 Nxg3 20. Qxg3 Bxb3 21.
axb3 f5 22. Qh3 f4 23. Qe6+ Rf7 24. Bf2 Qc8 25. Qd5 Bf8 26. Rg4 Kg7 27. c4 Qc6
28. Rg1 Qxd5 29. Rxd5 Kf6 30. b4 Ke6 31. b5 Rc7 32. b3 Be7 33. Kb2 g5 34. Ra1
Rcc8 35. bxa6 Rxa6 36. Rxa6 bxa6 37. Ra5 Rc6 38. Kc2 Bd8 39. Ra2 Kd7 40. Be1
Kc8 41. Kd3 Kb7 42. h3 Rc8 43. b4 Bb6 44. Bc3 Bc7 45. Be1 Bb6 46. Bc3 Bc7 47.
Rg2 h6 48. Rd2 Kc6 49. Ke2 Re8 50. Rd5 Re7 51. Rd2 Rg7 52. Kd3 Rd7 53. Rb2 Kb7
54. Rg2 Kc6 55. Kc2 Rd8 56. Kb3 Rb8 57. Ra2 Kb7 58. Rd2 Kc6 59. Ka4 Ra8 60. Rd5
Re8 61. Kb3 Re7 62. c5 Re8 63. Kc4 Re7 64. cxd6 Bxd6 65. Ra5 Kb7 66. Kd5 Bc7
67. Rc5 Bb6 68. Rc4 Bc7 69. Rc5 Bb6 70. Rc4 Bc7 71. Rc5 Bb6 72. Bxe5 Bxc5 73.
bxc5 Rxe5+ 74. Kxe5 a5 75. Kd6 a4 76. c6+ Kc8 77. e5 a3 78. e6 1-0

[Event "Campionatele Nationale echipe - Div A -"]
[Site "Calimanesti-Caciulata"]
[Date "2014.11.13"]
[Round "6.4"]
[White "Zaim, Marian"]
[Black "Florea, Leonard-Gelu"]
[Result "1-0"]
[WhiteElo "2117"]
[BlackElo "2018"]
[PlyCount "85"]
[EventDate "2014.11.08"]
[EventType "team"]
[EventRounds "9"]
[WhiteTeam "CSM CLUJ-NAPOCA"]
[BlackTeam "SAH-CLUB DIANA GALATI"]

1. c4 Nf6 2. Nf3 e6 3. g3 b6 4. Bg2 Bb7 5. O-O Be7 6. b3 O-O 7. Bb2 c5 8. Nc3
d6 9. Re1 Re8 10. e4 e5 11. d3 Nc6 12. Bh3 Bc8 13. Bxc8 Qxc8 14. Kg2 Nd4 15.
Nxd4 cxd4 16. Ne2 h5 17. h3 h4 18. Bc1 hxg3 19. Nxg3 Nh7 20. f4 Bh4 21. Qf3
Bxg3 22. Kxg3 f5 23. Ba3 fxe4 24. Rxe4 Nf6 25. Ree1 exf4+ 26. Kxf4 Ne4 27. Qg4
Qc6 28. dxe4 Re7 29. Rad1 Rf7+ 30. Kg3 Raf8 31. Rxd4 Rf2 32. Bxd6 R8f6 33. Red1
Rxa2 34. h4 Rff2 35. Qe6+ Kh7 36. Rh1 Rf6 37. Qg4 Rg6 38. Qxg6+ Kxg6 39. Bf4
Rb2 40. Rd6+ Qxd6 41. Bxd6 Rxb3+ 42. Kf4 Rc3 43. Rg1+ 1-0

[Event "Campionatele Nationale echipe - Div A -"]
[Site "Calimanesti-Caciulata"]
[Date "2014.11.14"]
[Round "7.5"]
[White "Zaim, Marian"]
[Black "Rosca, Vasile-Benone"]
[Result "0-1"]
[WhiteElo "2117"]
[BlackElo "1973"]
[PlyCount "107"]
[EventDate "2014.11.08"]
[EventType "team"]
[EventRounds "9"]
[WhiteTeam "CSM CLUJ-NAPOCA"]
[BlackTeam "CS CHINDIA TARGOVISTE"]

1. Nf3 c5 2. g3 Nf6 3. Bg2 Nc6 4. O-O g6 5. d3 Bg7 6. Nbd2 d5 7. c3 O-O 8. e4
e5 9. Re1 b6 10. exd5 Nxd5 11. Nc4 Re8 12. a4 Bb7 13. Ng5 f6 14. Ne4 Bf8 15.
Qb3 Kg7 16. a5 Rb8 17. axb6 Nxb6 18. Nxb6 axb6 19. Be3 Na5 20. Qc2 f5 21. Ng5
Bxg2 22. Kxg2 Qd5+ 23. f3 Rb7 24. Rad1 h6 25. Nh3 Qc6 26. Nf2 Kh7 27. Qb1 Nb3
28. Qa2 c4 29. dxc4 Qxc4 30. Bxb6 Reb8 31. Be3 Bg7 32. Nd3 e4 33. Nb4 exf3+ 34.
Kxf3 Rxb4 35. Kf2 R4b7 36. h4 Nd2 37. Qxc4 Nxc4 38. Bc1 Nxb2 39. Rd5 Nc4 40. h5
Rf7 41. Rc5 Nd6 42. hxg6+ Kxg6 43. Re6+ Rf6 44. Rxf6+ Bxf6 45. Rc6 Ne4+ 46. Kf3
Rb3 47. g4 h5 48. gxf5+ Kxf5 49. Rc4 Nxc3 50. Rc5+ Be5 51. Kg2 Ne4 52. Ra5 h4
53. Bh6 h3+ 54. Kg1 0-1

[Event "Campionatele Nationale echipe - Div A -"]
[Site "Calimanesti-Caciulata"]
[Date "2014.11.15"]
[Round "8.4"]
[White "Zaim, Marian"]
[Black "Suba, Mihai"]
[Result "1-0"]
[WhiteElo "2117"]
[BlackElo "2341"]
[PlyCount "87"]
[EventDate "2014.11.08"]
[EventType "team"]
[EventRounds "9"]
[WhiteTeam "CSM CLUJ-NAPOCA"]
[BlackTeam "CSU BRASOV"]

1. d4 Nf6 2. c4 e6 3. Nc3 Bb4 4. Qc2 O-O 5. a3 Bxc3+ 6. Qxc3 h6 7. f3 d5 8. e3
b6 9. Bd3 Ba6 10. Ne2 c5 11. dxc5 bxc5 12. O-O Qb6 13. Bd2 Nc6 14. Rfd1 Rfd8
15. cxd5 Bxd3 16. Qxd3 Rxd5 17. Qc2 Rad8 18. Nc3 Rg5 19. Be1 Nd5 20. Bf2 Rb8
21. Na4 Qb5 22. Rac1 c4 23. f4 Rh5 24. Qxc4 Qxc4 25. Rxc4 Na5 26. Rc2 Nb3 27.
g4 Rh3 28. Rxd5 exd5 29. Kg2 Rxe3 30. Bxe3 d4 31. Bf2 d3 32. Rc3 d2 33. Rd3 Rc8
34. Kf1 Rc4 35. Nc3 Rxf4 36. Nd1 Na5 37. Rxd2 Rxg4 38. Bxa7 Rh4 39. Ne3 Rf4+
40. Kg2 Nc6 41. Bc5 g6 42. b4 h5 43. b5 Ne5 44. b6 1-0

[Event "Campionatul National de sah pe echipe m"]
[Site "Mamaia-Constanta"]
[Date "2013.08.31"]
[Round "1.5"]
[White "Voiteanu, Gabriel"]
[Black "Zaim, Marian"]
[Result "1-0"]
[WhiteElo "2250"]
[BlackElo "2124"]
[PlyCount "80"]
[EventDate "2013.08.31"]
[EventType "team"]
[EventRounds "9"]
[WhiteTeam "CSU PLOIESTI"]
[BlackTeam "CS MUNCITORUL RESITA"]

1. d4 Nf6 2. c4 g6 3. Nc3 Bg7 4. e4 d6 5. f4 O-O 6. Nf3 c5 7. dxc5 Qa5 8. Bd3
Qxc5 9. Qe2 Nc6 10. Be3 Qa5 11. O-O Bg4 12. Rac1 Nd7 13. Qf2 Bxf3 14. gxf3 Nc5
15. Bb1 Na4 16. Nxa4 Qxa4 17. Rfd1 Rfd8 18. Rd3 Qa5 19. a3 Qc7 20. b4 b6 21.
Ba2 Rac8 22. Rcd1 Rb8 23. h4 h5 24. Qg3 e6 25. R3d2 Kh7 26. f5 exf5 27. exf5
Ne5 28. Bb1 Bf6 29. fxg6+ fxg6 30. f4 Ng4 31. f5 gxf5 32. Bxf5+ Kh8 33. Bxg4
Rg8 34. Rd5 Be5 35. Rxe5 dxe5 36. Bg5 hxg4 37. Qxg4 Qf7 38. Rd6 Rxg5 39. Rh6+
Qh7 40. Rxh7+ Kxh7 1-0

[Event "Campionatul National de sah pe echipe m"]
[Site "Mamaia-Constanta"]
[Date "2013.09.03"]
[Round "4.4"]
[White "Rogozenco, Dorian"]
[Black "Zaim, Marian"]
[Result "1-0"]
[WhiteElo "2515"]
[BlackElo "2124"]
[PlyCount "75"]
[EventDate "2013.08.31"]
[EventType "team"]
[EventRounds "9"]
[WhiteTeam "CS STUD. MEDICINA TIMISOARA"]
[BlackTeam "CS MUNCITORUL RESITA"]

1. d4 Nf6 2. c4 g6 3. Nc3 Bg7 4. e4 d6 5. Be2 O-O 6. Bg5 c5 7. d5 e6 8. Qd2
exd5 9. exd5 Re8 10. Nf3 Bg4 11. O-O Nbd7 12. h3 Bxf3 13. Bxf3 a6 14. a4 Qb6
15. Qc2 h6 16. Bd2 Qc7 17. Rae1 Rxe1 18. Rxe1 Re8 19. Rxe8+ Nxe8 20. Qc1 Kh7
21. Be4 Qd8 22. Qe1 Nef6 23. Bc2 Qe8 24. Qxe8 Nxe8 25. a5 Ne5 26. b3 Nd7 27. g4
Bd4 28. Kg2 Kg7 29. f4 b6 30. Ne2 Bb2 31. b4 cxb4 32. Ba4 b5 33. cxb5 Nb8 34.
bxa6 Nc7 35. a7 Nba6 36. Bb5 Nc5 37. Bxb4 Ne4 38. Bc6 1-0

[Event "Campionatul National de sah pe echipe m"]
[Site "Mamaia-Constanta"]
[Date "2013.09.06"]
[Round "7.4"]
[White "Zaim, Marian"]
[Black "Balla, Tamas-Kristof"]
[Result "0-1"]
[WhiteElo "2124"]
[BlackElo "2376"]
[PlyCount "94"]
[EventDate "2013.08.31"]
[EventType "team"]
[EventRounds "9"]
[WhiteTeam "CS MUNCITORUL RESITA"]
[BlackTeam "CSM LUGOJ"]

1. c4 c5 2. Nf3 Nc6 3. g3 g6 4. Bg2 Bg7 5. O-O e6 6. d3 Nge7 7. Nbd2 b6 8. a3
O-O 9. Rb1 a5 10. Ne1 d5 11. Nc2 Qd6 12. b3 Rb8 13. Bb2 d4 14. Ne4 Qd7 15. Bc1
f5 16. Ng5 h6 17. Nf3 b5 18. Bd2 b4 19. a4 e5 20. Nfe1 g5 21. f4 exf4 22. gxf4
g4 23. Qc1 Bb7 24. Rf2 Kh7 25. Qd1 Ng6 26. Bh1 h5 27. e3 dxe3 28. Bxe3 Qd6 29.
Qd2 Bc3 30. Qe2 Rfe8 31. Rf1 Nd4 32. Qf2 Bxh1 33. Kxh1 Nxc2 34. Nxc2 Qxd3 35.
Rbd1 Qe4+ 36. Qg2 Rb7 37. Rd5 Rbe7 38. Bxc5 Qxg2+ 39. Kxg2 Re2+ 40. Rf2 Nxf4+
41. Kg3 Nxd5 42. cxd5 h4+ 43. Kg2 f4 44. Nd4 h3+ 45. Kg1 Re1+ 46. Rf1 Bxd4+ 47.
Bxd4 g3 0-1

[Event "Campionatul National de sah pe echipe m"]
[Site "Mamaia-Constanta"]
[Date "2013.09.07"]
[Round "8.4"]
[White "Zaim, Marian"]
[Black "Szabo, Gergely "]
[Result "0-1"]
[WhiteElo "2124"]
[BlackElo "2550"]
[PlyCount "80"]
[EventDate "2013.08.31"]
[EventType "team"]
[EventRounds "9"]
[WhiteTeam "CS MUNCITORUL RESITA"]
[BlackTeam "CLUBUL DE SAH AL MUN. BAIA MARE"]

1. c4 e6 2. g3 d5 3. Bg2 Nf6 4. Nf3 Be7 5. b3 O-O 6. Bb2 a5 7. Nc3 c6 8. d4 b6
9. O-O Ba6 10. Ne5 Nfd7 11. Nxd7 Nxd7 12. cxd5 exd5 13. Qc2 b5 14. Rfe1 Nf6 15.
e4 b4 16. Na4 dxe4 17. Bxe4 Bb5 18. Bg2 Ra7 19. Nc5 Re8 20. Rad1 Bf8 21. h3
Rae7 22. Re5 Nd5 23. Rde1 f6 24. Rxe7 Rxe7 25. Rxe7 Qxe7 26. Qd2 g6 27. Kh2 h5
28. h4 Kh7 29. Kg1 Bh6 30. f4 Bf8 31. Ne4 a4 32. bxa4 Bxa4 33. Kf2 Bb5 34. Nc5
Bc4 35. Nb3 Qa7 36. Bc1 Nc3 37. a3 Bxb3 38. axb4 Bxb4 39. Qd3 Qa2+ 40. Bd2 Bc4
0-1

[Event "Campionatul National de sah pe echipe m"]
[Site "Mamaia-Constanta"]
[Date "2013.09.08"]
[Round "9.4"]
[White "Danilov, Vladimir"]
[Black "Zaim, Marian"]
[Result "1-0"]
[WhiteElo "2405"]
[BlackElo "2124"]
[PlyCount "87"]
[EventDate "2013.08.31"]
[EventType "team"]
[EventRounds "9"]
[WhiteTeam "CS POLITEHNICA IASI"]
[BlackTeam "CS MUNCITORUL RESITA"]

1. Nf3 Nf6 2. g3 g6 3. Bg2 Bg7 4. O-O O-O 5. d4 d6 6. c4 c6 7. Nc3 Bf5 8. Ne1
e5 9. d5 cxd5 10. cxd5 a5 11. e4 Bd7 12. a4 Na6 13. Nd3 Qc7 14. Re1 Rfc8 15.
Bf1 Ne8 16. Be3 b6 17. Rc1 Qd8 $11 18. f3 Nc5 19. b3 Nc7 20. Nb2 Rcb8 21. Nc4
Qf8 22. Rb1 N7a6 23. Qd2 Qe7 24. Na3 Nc7 25. b4 axb4 26. Rxb4 Nxa4 27. Nxa4
Rxa4 28. Rxa4 Bxa4 29. Rb1 b5 30. Nc4 Bf8 31. Nb6 Qe8 32. Qa5 Na8 33. Nxa4 bxa4
34. Bb5 Qe7 35. Rc1 Qb7 36. Bxa4 Qb2 37. Qa7 Rd8 38. Bc6 Qb8 39. Qa2 Nc7 40.
Rb1 Qc8 41. Rb7 f6 42. Qa7 Ne8 43. Bxe8 Rxe8 44. Rxh7 1-0

[Event "Romanian Team National Championship 201"]
[Site "Olanesti"]
[Date "2012.10.06"]
[Round "1.5"]
[White "Zaim, Marian"]
[Black "Manicuta, Monica_wCM"]
[Result "1-0"]
[WhiteElo "2174"]
[BlackElo "2117"]
[PlyCount "75"]
[EventDate "2012.10.06"]
[EventRounds "9"]
[WhiteTeam "Muncitorul Resita"]
[BlackTeam "Sah Club 82-83 Bucuresti"]

1. c4 c5 2. Nf3 Nc6 3. g3 g6 4. Bg2 Bg7 5. O-O e6 6. Nc3 Nge7 7. d3 O-O 8. Bd2
h6 9. Qc1 Kh7 10. Ne4 d6 11. Bc3 e5 12. Bd2 Be6 13. Rb1 Rc8 14. a3 f5 15. Neg5+
hxg5 16. Nxg5+ Kg8 17. Nxe6 Qd7 18. Nxf8 Kxf8 19. Qd1 Kf7 20. b4 Rh8 21. Qa4 b6
22. Bg5 Bf6 23. Bxf6 Kxf6 24. f4 Rh7 25. e3 g5 26. fxg5+ Kxg5 27. Rb2 Qc7 28.
Rbf2 cxb4 29. axb4 e4 30. dxe4 Ne5 31. exf5 Qxc4 32. f6 N7g6 33. Qd1 Ng4 34.
Rf5+ Kh6 35. h3 N6e5 36. hxg4 Kg6 37. f7 Nxf7 38. Rf6+ 1-0

[Event "Romanian Team National Championship 201"]
[Site "Olanesti"]
[Date "2012.10.07"]
[Round "2.5"]
[White "Adam, Ioan"]
[Black "Zaim, Marian"]
[Result "1-0"]
[WhiteElo "2044"]
[BlackElo "2174"]
[PlyCount "157"]
[EventDate "2012.10.06"]
[EventRounds "9"]
[WhiteTeam "Sah Club Deva"]
[BlackTeam "Muncitorul Resita"]

1. e4 c5 2. Nf3 d6 3. d4 cxd4 4. Nxd4 Nf6 5. Nc3 a6 6. Bg5 e6 7. f4 Be7 8. Qf3
Qc7 9. O-O-O Nbd7 10. Bd3 b5 11. Rhe1 Bb7 12. Nd5 exd5 13. Nf5 d4 14. Nxe7 Kxe7
15. Qf2 Kf8 16. e5 Nd5 17. exd6 Qxd6 18. Qxd4 f6 19. Be4 fxg5 20. Bxd5 Bxd5 21.
Qxd5 Qxd5 22. Rxd5 Nf6 23. Rxg5 Kf7 24. Rc5 Rhc8 25. Rxc8 Rxc8 26. Kd2 Re8 27.
Rf1 Ke6 28. Kc3 Nd5+ 29. Kd4 Kd6 30. Rf2 Rc8 31. b3 Nb4 32. c4 bxc4 33. bxc4
Nc6+ 34. Kc3 Kc5 35. f5 Rf8 36. g4 Rf7 37. g5 Ne7 38. f6 Ng8 39. Rf5+ Kb6 40.
Re5 gxf6 41. Re8 Ne7 42. gxf6 Ng6 43. Re6+ Kb7 44. Kd4 Rd7+ 45. Ke4 Rc7 46. Kd4
Rd7+ 47. Kc3 Rd1 48. Kb4 Rd2 49. h4 Rd7 50. h5 Nh8 51. Kc5 Nf7 52. Rb6+ Ka7 53.
a4 Rc7+ 54. Rc6 Kb7 55. Rxc7+ Kxc7 56. Kd5 Nd8 57. c5 Nf7 58. Ke6 Ng5+ 59. Ke7
Kc6 60. f7 Nxf7 61. Kxf7 Kxc5 62. Kg7 Kb4 63. Kxh7 Kxa4 64. Kg6 Kb3 65. h6 a5
66. h7 a4 67. h8=Q Ka2 68. Kf5 a3 69. Qh1 Kb2 70. Qh8+ Kb1 71. Ke4 a2 72. Qh1+
Kb2 73. Qg2+ Kb1 74. Kd3 Ka1 75. Qf1+ Kb2 76. Qe2+ Ka1 77. Qd1+ Kb2 78. Qc2+
Ka3 79. Qc3+ 1-0

[Event "Romanian Team National Championship 201"]
[Site "Olanesti"]
[Date "2012.10.13"]
[Round "8.5"]
[White "Suciu, Dinu Simi"]
[Black "Zaim, Marian"]
[Result "1-0"]
[WhiteElo "2146"]
[BlackElo "2174"]
[PlyCount "81"]
[EventDate "2012.10.06"]
[EventRounds "9"]
[WhiteTeam "CSO Cugir"]
[BlackTeam "Muncitorul Resita"]

1. e4 c5 2. Nf3 d6 3. g3 Nf6 4. d3 Nc6 5. Bg2 g6 6. O-O Bg7 7. c3 O-O 8. Re1 e5
9. a3 h6 10. b4 a6 11. Nbd2 Be6 12. Bb2 cxb4 13. axb4 d5 14. exd5 Nxd5 15. Nb3
e4 16. Nfd4 Nxd4 17. Nxd4 Bxd4 18. cxd4 exd3 19. Qxd3 Qb6 20. Ba3 Rfd8 21. b5
Qxb5 22. Qd2 Kg7 23. Bc1 Rh8 24. Re5 Rad8 25. Ra5 Qb3 26. h4 b6 27. Rxa6 Qb1
28. Be4 Qb5 29. Bd3 Qc6 30. h5 Rc8 31. Bb2 g5 32. Ra7 Rc7 33. Rxc7 Qxc7 34. Ba3
Qd8 35. Bc4 Re8 36. Bb5 Rg8 37. Bc6 Nc7 38. d5 Bg4 39. Qd4 Qf6 40. Be7 Qf3 41.
Rf5+ 1-0

[Event "Romanian Team National Championship 201"]
[Site "Olanesti"]
[Date "2012.10.14"]
[Round "9.5"]
[White "Zaim, Marian"]
[Black "Vasile, Claudiu Daniel"]
[Result "0-1"]
[WhiteElo "2174"]
[BlackElo "2110"]
[PlyCount "96"]
[EventDate "2012.10.06"]
[EventRounds "9"]
[WhiteTeam "Muncitorul Resita"]
[BlackTeam "CS Otopeni"]

1. d4 d5 2. Nf3 Nf6 3. g3 e6 4. Bg2 Be7 5. O-O O-O 6. c4 dxc4 7. Ne5 c5 8. dxc5
Qc7 9. Nxc4 Bxc5 10. Nba3 Nc6 11. Bd2 Rd8 12. Qe1 Nd5 13. Nc2 e5 14. Rc1 Qe7
15. a3 Nb6 16. Nxb6 Bxb6 17. Nb4 Nxb4 18. Bxb4 Qe6 19. Qc3 e4 20. Ba5 f5 21.
Bxb6 Qxb6 22. b4 Be6 23. Rfd1 Rac8 24. Rxd8+ Rxd8 25. Bf1 Qd6 26. Qc7 Qxc7 27.
Rxc7 Rd1 28. Rxb7 f4 29. Rb8+ Kf7 30. Kg2 f3+ 31. exf3 exf3+ 32. Kxf3 Rxf1 33.
Rb7+ Kf6 34. Rxa7 Rb1 35. h4 h6 36. Ra6 g5 37. hxg5+ hxg5 38. Ke3 g4 39. Kd4
Rb2 40. Kc5 Rxf2 41. b5 Ke5 42. Kb6 Rf3 43. Ka7 Bd5 44. b6 Rf7+ 45. Kb8 Rb7+
46. Kc8 Kd6 47. a4 Bc6 48. a5 Rh7 0-1

[Event "CAMPIONATUL NATIONAL PE ECHIPE"]
[Site "CONSTANTA, COMPLEXUL CLEOPATR"]
[Date "2010.10.05"]
[Round "2.1"]
[White "Bonte, Andrei-Mihai"]
[Black "Zaim, Marian"]
[Result "1-0"]
[WhiteElo "2362"]
[BlackElo "2200"]
[PlyCount "75"]
[EventDate "2010.10.04"]

1. d4 Nf6 2. c4 g6 3. Nc3 Bg7 4. e4 d6 5. Nf3 O-O 6. Be2 e5 7. O-O Nc6 8. d5
Ne7 9. b4 Nh5 10. Re1 f5 11. Ng5 Nf6 12. Bf3 h6 13. Ne6 Bxe6 14. dxe6 c6 15.
Bb2 fxe4 16. Nxe4 Nxe4 17. Rxe4 d5 18. cxd5 cxd5 19. Rxe5 Bxe5 20. Bxe5 Qb6 21.
Bb2 Qxb4 22. Rb1 b6 23. Be5 Qa3 24. Qd2 Kh7 25. Rb3 Qa4 26. Bd1 Qe4 27. Re3 Qf5
28. Bb2 Qf4 29. g3 Qd6 30. Ba3 Qd8 31. h4 h5 32. Qb4 Re8 33. Ba4 a5 34. Qf4 Rf8
35. Qg5 Ra7 36. Bd7 Nf5 37. Bxf8 Qxf8 38. e7 1-0